Internet - những địa chỉ bạn cần biết ( Toàn tập )

Spremljeno u:
Bibliografski detalji
Glavni autor: ELICOM
Format: Knjiga
Jezik:Undetermined
Izdano: H. Thống Kê 2001
Teme:
Oznake: Dodaj oznaku
Bez oznaka, Budi prvi tko označuje ovaj zapis!
Thư viện lưu trữ: Trung tâm Học liệu Trường Đại học Cần Thơ
LEADER 00566nam a2200181Ia 4500
001 CTU_55207
008 210402s9999 xx 000 0 und d
020 |b 89000 
082 |a 005.758 
082 |b E42 
100 |a ELICOM 
245 0 |a Internet - những địa chỉ bạn cần biết ( Toàn tập ) 
245 0 |c ELICOM 
260 |a H. 
260 |b Thống Kê 
260 |c 2001 
650 |a world wide web ( information retrieval system ),internet addresses,client/server computing 
980 |a Trung tâm Học liệu Trường Đại học Cần Thơ